Meilleurs sons de Tayc - Statistiques

Statistiques générales
  • Ce quiz a été pris 1 580 fois
    866 depuis la dernière actualisation
  • Le résultat moyen est 7 sur 15
Statistiques - réponses
Rang Titres Streams % Correct
2 Le temps 150,0M
89%
1 N'y pense plus 190,2M
76%
4 I love you (ft. Dadju) 91,5M
69%
3 D O D O 132,5M
65%
10 Room 69 49,2M
59%
7 Comme toi 63,6M
56%
5 P A S C O M M E Ç A (ft. Tiakola) 84,4M
51%
9 Salomé (ft. Marcus) 53,1M
41%
14 Qui 37,8M
35%
8 Moi, je prouve. (ft. Barack Adama) 59,3M
31%
15 Carry Me 31,5M
30%
13 Sans effet 39,2M
24%
11 My love (ft. Josman) 45,5M
22%
12 Yimmy Yimmy (ft. Shreya Ghoshal, Rajat Nagpal) 41,5M
5%
6 Cœur de pirate (ft. Naza, Vegedream, Elams, Jul, Lynda, SAF, THABITI, Naps) 63,9M
4%
Aucun quiz correspondant
Distribution des résultats
% des personnes avec chaque résultat
Percentile par nombre de réponses
Votre historique - résultats
Vous n’avez pas pris ce quiz depuis la dernière actualisation